000 00620nam a2200145Ia 4500
005 20260209120146.0
008 260209s9999||||xx |||||||||||||| ||und||
100 _aNilesh Sinha
245 3 _aAn economic efficiency analysis of judicial activism and a mechanism to resolve the key conflict
260 _aBangaloreBangalore
_bNLSIU, Bangalore
_c2022
300 _a46 p. ; 25 cm.
505 _aConstitution of India Judicial Activism Power of the Judiciary Separation of Power
700 _aProf. Dr. T Somashekar - SupervisorProf. Dr. T Somashekar - Supervisor
856 _uhttps://dans.nls.ac.in/handle/123456789/1154
999 _c217552
_d217552